000 nam a22 7a 4500
999 _c44014
_d44014
003 OSt
005 20180427144730.0
008 180427b xxu||||| |||| 00| 0 eng d
040 _cIIMT UNIVERSITY MEERUT
082 _25TH
_a621.051GUP
_b23
100 _aDR.GUPTA,KM
245 _aMATERIAL SCIENCE IN ENGINEERING
_cAUTHOR
_hENGLISH
250 _a5TH
260 _aUMESH DELHI
_bUMESH DELHI
_c2011
300 _a5TH.ED
_bPAPERBACK
_ePAPERBACK
760 _b5TH
856 _3PAPERBACK
_zARCHITECTURE
942 _2ddc
_c01
_e5TH
_hTITLE
_iBOOK
_k621.05GUP
_m621.05GUP